<?xml version="1.0" encoding="UTF-8"?>
<collection xmlns="http://www.loc.gov/MARC21/slim">
 <record>
  <leader>02114naa a2200265 i 4500</leader>
  <controlfield tag="001">acta70461</controlfield>
  <controlfield tag="005">20220204100204.0</controlfield>
  <controlfield tag="008">200924s2012    hu      o     0||   hun d</controlfield>
  <datafield tag="020" ind1=" " ind2=" ">
   <subfield code="a">978 963 306 164 0</subfield>
  </datafield>
  <datafield tag="022" ind1=" " ind2=" ">
   <subfield code="a">1419-1288</subfield>
  </datafield>
  <datafield tag="040" ind1=" " ind2=" ">
   <subfield code="a">SZTE Egyetemi Kiadványok Repozitórium</subfield>
   <subfield code="b">hun</subfield>
  </datafield>
  <datafield tag="041" ind1=" " ind2=" ">
   <subfield code="a">hun</subfield>
  </datafield>
  <datafield tag="041" ind1=" " ind2=" ">
   <subfield code="a">eng</subfield>
  </datafield>
  <datafield tag="100" ind1="1" ind2=" ">
   <subfield code="a">Zsigmond Júlia</subfield>
  </datafield>
  <datafield tag="245" ind1="1" ind2="2">
   <subfield code="a">A közös vallás, amely elválaszt </subfield>
   <subfield code="h">[elektronikus dokumentum] :</subfield>
   <subfield code="b">két kolozsvári református egyetemista szervezet vallásos mentalitása /</subfield>
   <subfield code="c"> Zsigmond Júlia</subfield>
  </datafield>
  <datafield tag="260" ind1=" " ind2=" ">
   <subfield code="c">2012</subfield>
  </datafield>
  <datafield tag="300" ind1=" " ind2=" ">
   <subfield code="a">81-90</subfield>
  </datafield>
  <datafield tag="490" ind1="0" ind2=" ">
   <subfield code="a">Szegedi vallási néprajzi könyvtár</subfield>
   <subfield code="v">31</subfield>
  </datafield>
  <datafield tag="490" ind1="0" ind2=" ">
   <subfield code="a">Vallás, közösség, identitás</subfield>
   <subfield code="v">31</subfield>
  </datafield>
  <datafield tag="520" ind1="3" ind2=" ">
   <subfield code="a">Two Calvinist organisations specifically targeting university students operate in Kolozsvár (now Cluj-Napoca, Romania): the Christian Association of College Youth (FIKE) and the Genézius Society; the former is an organisation of the Calvinist Diocese of Transylvania and the latter is the university organisation of the Transylvanian CE Alliance. In the church the segmentation of the religious role dominates while among the members of CE (CE = Pro Christo et Ecclesia) the religious role is more diffuse. Parallel with this it can generally be said that the members of FIKE (a very heterogeneous group) observe and experience their faith through the filter of rationalism and liberalism, while the youth members of the Genézius Society (from CE circles) do so in the spirit of fundamentalist piety. This is also reflected in the course of the bible hours. The differences in mentalities can also be observed in the characterisations given of their own communities and of the other group. There is no acknowledged conflict between them, but the aloofness and latent tension can be felt.</subfield>
  </datafield>
  <datafield tag="650" ind1=" " ind2="4">
   <subfield code="a">Társadalomtudományok</subfield>
  </datafield>
  <datafield tag="650" ind1=" " ind2="4">
   <subfield code="a">Szociológia</subfield>
  </datafield>
  <datafield tag="695" ind1=" " ind2=" ">
   <subfield code="a">Népi vallásosság, Református egyház - Magyarország, Identitástudat - vallási</subfield>
  </datafield>
  <datafield tag="710" ind1=" " ind2=" ">
   <subfield code="a">Szegedi Vallási Néprajzi Konferencia (10.) (2010) (Szeged)</subfield>
  </datafield>
  <datafield tag="856" ind1="4" ind2="0">
   <subfield code="u">http://acta.bibl.u-szeged.hu/70461/1/szegedi_vallasi_031_081-090.pdf</subfield>
   <subfield code="z">Dokumentum-elérés </subfield>
  </datafield>
 </record>
</collection>
